00393pab a2200133 454500008004000000100001700040245007600057260000900133300001300142362000800155650002600163650001800189773005200207180718b1997 xxu||||| |||| 00| 0 eng d aAyee, Joseph aA code of conduct for public officials: the Ghanaian experience 1992-96 c1997 ap.369-75 aSep aCivil service - Ghana aCivil service aInternational Review of Administrative Sciences